| 000 | 00495cam a2200181 4500 | ||
|---|---|---|---|
| 001 | D13813 | ||
| 008 | 090401t1931 xxu||||| |||| 00| 0 eng d | ||
| 035 | _a(Sirsi) u11826 | ||
| 041 | _aeng | ||
| 100 | _aSamuels, H. | ||
| 245 | 4 | _aThe land value tax being part III of the Finance Act 1931, annotated and explained with an introduction | |
| 260 |
_aLondon _bEyre & Spotteswoode Ltd _c1931 |
||
| 350 | _a0 | ||
| 520 | _aShelf 134 | ||
| 700 | _aFores, P. | ||
| 942 | _n0 | ||
| 948 | _c04/03/1997 | ||
| 999 |
_c86917 _d86917 |
||